00487nam a2200157Ia 4500008004100000020001800041082002500059100001900084245004300103250000600146260002300152300001100175440002000186500005300206650007000259120622s9999 xx 000 0 und d a968-24-5685-1 a659.19910 D129p 1998 aDahdá, Jorge aPublicidad turística / Jorge Dahdá a2 aMéxico : Trillas a146 p. aTrillas turismo aIncluye bibliografía e índices \ reimp. 2002 a1. TURISMO \ 2. PUBLICIDAD \ 3. PROPAGANDA COMERCIAL - TURISMOÌ